00717nam a22001697a 4500003000900000005001700009007000300026008004100029020001800070040002500088082001600113100003800129245023500167260005300402300002000455500007200475DO-SdBNP20221104153704.0ta110301s2022 dr 000 0 spa d a9789945180411 aDO-SdBNPbspacBNPHU 4axxxxbT233n aTaveras Lucas, Orlando AqAlfonso10aNueva técnica para prevenir y/o tratar alzheimer, parkinson y, otras afecciones neurodegenerativas :bla teoria que provocó el cambio en las investigaciones científicas para combatir el alzheimer /cOrlando A. Taveras Lucas  aSanto Domingo :bMaquetación editorial,c2022. a49 p. :c21 cm. aIncluye datos biográficos del autor en la solapa de la portada.